The land registratios act, 1925 / (Registro nro. 64885)
[ vista simple ]
| 000 -LEADER | |
|---|---|
| campo de control de longitud fija | 00658nam a2200181 i 4500 |
| 001 - NÚMERO DE CONTROL | |
| campo de control | 64885 |
| 003 - IDENTIFICADOR DE NÚMERO DE CONTROL | |
| campo de control | ES-MaACL |
| 005 - FECHA Y HORA DE LA ÚLTIMA TRANSACCIÓN | |
| campo de control | 20230906165237.0 |
| 007 - CAMPO FIJO DE DESCRIPCIÓN FÍSICA--INFORMACIÓN GENERAL | |
| campo de control de longitud fija | t| |
| 008 - DATOS DE LONGITUD FIJA--INFORMACIÓN GENERAL | |
| campo de control de longitud fija | 040107s1939 xxk ||||1| eng d |
| 100 1# - ENTRADA PRINCIPAL--NOMBRE DE PERSONA | |
| Nombre de persona | Fortescue-Brickdale, Charles. |
| 9 (RLIN) | 51853 |
| 245 14 - MENCIÓN DEL TÍTULO | |
| Título | The land registratios act, 1925 / |
| Mención de responsabilidad, etc. | by Brickdale and Stweart-Wallace ; with the land registrations act, 1936. the land registration rules, 1925, 1930 and 1936 by John Stewart Stewart-Wallace. |
| 250 ## - MENCION DE EDICION | |
| Mención de edición | 4th ed. |
| 260 ## - PUBLICACIÓN, DISTRIBUCIÓN, ETC. | |
| Lugar de publicación, distribución, etc. | London : |
| Nombre del editor, distribuidor, etc. | Stevens & Sons, |
| Fecha de publicación, distribución, etc. | 1939. |
| 300 ## - DESCRIPCIÓN FÍSICA | |
| Extensión | XX, 637 p. ; |
| Dimensiones | 25 cm. |
| 700 1# - ENTRADA AGREGADA--NOMBRE PERSONAL | |
| Nombre de persona | Stewart-Wallace, Stewart. |
| 9 (RLIN) | 108195 |
| 852 ## - LOCALIZACIÓN | |
| Ubicación | ES-MaACL |
| Número de control de estantería | C-5560 |
| Sublocalización o colección | R.26086 |
| Estatus retirado | Estado de pérdida | Estado de daño | No para préstamo | Biblioteca de origen | Biblioteca actual | Ubicación en estantería | Fecha de adquisición | Fuente de adquisición | Total de préstamos | Signatura topográfica completa | Código de barras | Visto por última vez | Precio de reemplazo | Tipo de ítem Koha |
|---|---|---|---|---|---|---|---|---|---|---|---|---|---|---|
| Biblioteca del Ateneo de Madrid | Biblioteca del Ateneo de Madrid | Sala Palomar | 17/01/2008 | C-5560 | 1067988 | 23/02/2023 | 23/02/2023 | Libro impreso |
